The technique of etching and engraving

Gardado en:
Detalles Bibliográficos
Autor Principal: Brunsdon, John (Author)
Formato: Libro
Idioma:inglés
Publicado: Londres BT Batsford 1965
Edición:1a. ed
Subjects:
Tags: Engadir etiqueta
Sen Etiquetas, Sexa o primeiro en etiquetar este rexistro!

MARC

LEADER 00000cam a2200000 a 4500
001 UCE9130
003 CL-VaPUC
008 150928e19650000uk |||||||||||||||||eng|d
082 0 4 |a 765  |b BRU  |2 21 
100 0 |a Brunsdon, John  |e author  |9 581848 
245 1 4 |a The technique of etching and engraving 
250 |a 1a. ed 
300 |a 152 p 
942 |c BK 
945 |d 20150928 14:02:00  |a gsalatino 
260 |a Londres  |b BT Batsford  |c 1965 
650 0 |a Aguafuerte  |9 265478 
650 7 |a GRABADO  |2 CL-VaPUC  |9 265438 
650 7 |a GRABADO EN METAL  |2 CL-VaPUC  |9 309522 
650 7 |a GRABADO TECNICA  |2 CL-VaPUC  |9 328356 
583 |a last modification  |c 20150928 14:02:00  |k Rodrigo Vera 
999 |c 360828  |d 360826 
952 |0 0  |1 0  |2 ddc  |3 erd  |4 0  |6 765_000000000000000_BRU_1965  |7 0  |8 A  |9 470801  |a BIBART  |b BIBART  |i 5200415  |o 765 BRU 1965  |p 5200415  |r 2025-03-13  |w 2019-11-23  |y BK  |z Catalogado en:20150928  |k SRS